header

Shakespeare and Renaissance literature before heterosexuality (Record no. 248719)

MARC details
000 -LEADER
fixed length control field 01620nam a2200397Ia 4500
100 1# - MAIN ENTRY--AUTHOR NAME
Personal name Bach, Rebecca Ann.
245 10 - TITLE STATEMENT
Title Shakespeare and Renaissance literature before heterosexuality
250 ## - EDITION STATEMENT
Edition statement 1st ed.
260 ## - PUBLICATION, DISTRIBUTION, ETC. (IMPRINT)
Place of publication New York :
Name of publisher Palgrave Macmillan,
Year of publication 2007.
300 ## - PHYSICAL DESCRIPTION
Number of Pages xi, 243 p.
650 #0 - SUBJECT ADDED ENTRY--TOPICAL TERM
Topical Term English drama
Topical Term Heterosexuality in literature.
Topical Term English drama
Topical Term Heterosexuality
Topical Term Sex in literature.
Topical Term Adultery in literature.
Topical Term Lust in literature.
856 40 - ELECTRONIC LOCATION AND ACCESS
Uniform Resource Identifier http://site.ebrary.com/lib/rucke/Doc?id=10171490

No items available.

© 2026 Rongo University
Contact us: librarian | system librarian | Rongo university